Martín fierro /
Guardado en:
| Autor Principal: | |
|---|---|
| Formato: | Libro |
| Publicado: |
Buenos Aires :
Plus Ultra,
1993
|
| Edición: | 3a. ed. |
| Series: | Clásicos Hispanoamericanos
|
| Materias: | |
| Etiquetas: |
Agregar Etiqueta
Sin Etiquetas, Sea el primero en etiquetar este registro!
|
| LEADER | 00679nam a22002415a 4500 | ||
|---|---|---|---|
| 001 | CEM.cems015924 | ||
| 005 | 20121015134817.0 | ||
| 008 | 130507s1993##################000#0#####d | ||
| 003 | CEMS | ||
| 020 | |a 9502103513 | ||
| 082 | 0 | 4 | |a A861.2 |
| 100 | 1 | |a Hernández, José | |
| 245 | 1 | 0 | |a Martín fierro / |c José Hernández |
| 250 | |a 3a. ed. | ||
| 260 | |a Buenos Aires : |b Plus Ultra, |c 1993 | ||
| 300 | |a 386 p. | ||
| 490 | 0 | |a Clásicos Hispanoamericanos | |
| 653 | |a Literatura | ||
| 653 | |a Literatura argentina | ||
| 653 | |a Literatura gauchesca | ||
| 653 | |a Poesía Épica | ||
| 653 | |a Romanticismo | ||
| 859 | |a CEMS |b BIB. CEMS - Agricultura |h A861.2 |i H430-2 |p A18209.95 |t Ej.1 |v 1 |3 Vol. 1 | ||
